Normal view
MARC view
- Phatak Vaishnavi- 2k241055 & Dr. Archana Pradhan – Guide
Entry Personal Name
001 - CONTROL NUMBER
- control field: 216470
003 - CONTROL NUMBER IDENTIFIER
- control field: OSt
005 - DATE AND TIME OF LATEST TRANSACTION
- control field: 20260123153801.0
008 - FIXED-LENGTH DATA ELEMENTS
- fixed length control field: 260123|| aca||aabn | a|a d
040 ## - CATALOGING SOURCE
- Original cataloging agency: OSt
- Transcribing agency: OSt
100 ## - HEADING--PERSONAL NAME
- Personal name: Phatak Vaishnavi- 2k241055 & Dr. Archana Pradhan – Guide
670 ## - SOURCE DATA FOUND
- Source citation: Work cat.: (OSt)370135: Phatak Vaishnavi- 2k241055 & Dr. Archana Pradhan – Guide, A Study of Gap Between Candidate Skills vs Actual Industry Expectations at scope HAI.Com, 2025